000 01071cam a2200217 4500
001 WB4017-11
008 040506n2004 000 0 eng u
035 _a(Sirsi) u126122
245 _aHouse prices continue rise
260 _c2004
490 _aHometrack Press Release
_v April 2004 (2)
520 _aThe latest survey of house prices from Hometrack reports a 0.7% increase in house prices across the country. The highest increase reported was for the north of England, with Oxfordshire the slowest with only 0.1% growth. Bath continues as the fastest growing city with increases of 2.4%. The average house price is now £149 000 compared with £148 000 last month. New buyers have increased by 6.5%, outweighing the number of properties at 4.2%, indicating price rises to continue due to pent-up demand. http://www.hometrack.co.uk/index.cfm?fuseaction=ne ws.news
590 _aWB
590 _aWB
650 _aSURVEYS
650 _aHOUSING DEMAND
650 _aGREAT BRITAIN
650 _aHOUSE BUYING
690 _aHOUSING-HOUSE PRICES
942 _n0
999 _c117309
_d117309